000 00422nam a2200181Ia 4500
001 4367
005 20260306145750.0
008 260306t2002||||xx |||||||||||||| ||spa||
041 _aESP
082 _a320.985
_bK23
100 _aKarp de Toledo, Eliane
_eAUT
245 0 _aHacia una nueva nación
260 _c2002
300 _a190 páginas :
_c24 cm.
650 _aGEN
654 _aCDE
942 _cLIB
_dJUS
_fJUS
_2ddc
_n
999 _c4367
_d4367